[Event "Wroclaw Open"]
[Site "?"]
[Date "2017.08.16"]
[Round "5.1"]
[White "Omelja, Artem"]
[Black "Sergeev, Vladimir"]
[Result "1-0"]
[BlackElo "2417"]
[WhiteElo "2411"]
[LiveChessVersion "1.4.6"]

1. d4 {[%clk 1:30:53]} Nf6 {[%clk 1:30:39]} 2. c4 {[%clk 1:31:12]} c6
{[%clk 1:31:02]} 3. Nc3 {[%clk 1:31:17]} d5 {[%clk 1:31:25]} 4. Nf3
{[%clk 1:31:29]} dxc4 {[%clk 1:31:08]} 5. a4 {[%clk 1:31:48]} a5 {[%clk 1:31:33]}
6. e4 {[%clk 1:31:31]} Bg4 {[%clk 1:31:42]} 7. Bxc4 {[%clk 1:31:30]} e6
{[%clk 1:32:09]} 8. Be3 {[%clk 1:31:05]} Bb4 {[%clk 1:32:31]} 9. Qc2
{[%clk 1:31:03]} Nbd7 {[%clk 1:32:49]} 10. Nd2 {[%clk 1:29:21]} Nb6
{[%clk 1:32:29]} 11. Bb3 {[%clk 1:28:15]} Bh5 {[%clk 1:32:35]} 12. f3
{[%clk 1:19:22]} Nfd7 {[%clk 1:29:41]} 13. h4 {[%clk 1:16:00]} h6
{[%clk 1:26:05]} 14. Ne2 {[%clk 1:07:25]} Bg6 {[%clk 1:19:35]} 15. Nf4
{[%clk 1:04:23]} Nf8 {[%clk 1:18:36]} 16. Nd3 {[%clk 1:00:25]} Bd6
{[%clk 1:16:26]} 17. Qc3 {[%clk 0:58:26]} Bg3+ {[%clk 1:01:25]} 18. Bf2
{[%clk 0:58:42]} Bxf2+ {[%clk 1:01:10]} 19. Kxf2 {[%clk 0:58:58]} Nfd7
{[%clk 0:55:52]} 20. Bc2 {[%clk 0:57:36]} Qe7 {[%clk 0:54:39]} 21. Nb3
{[%clk 0:55:01]} Nf6 {[%clk 0:44:26]} 22. Ne5 {[%clk 0:53:58]} Qb4
{[%clk 0:44:22]} 23. Qxb4 {[%clk 0:52:46]} axb4 {[%clk 0:44:51]} 24. a5
{[%clk 0:52:35]} Nbd7 {[%clk 0:45:18]} 25. Nxg6 {[%clk 0:50:01]} fxg6
{[%clk 0:45:46]} 26. e5 {[%clk 0:50:16]} Nd5 {[%clk 0:46:06]} 27. Bxg6+
{[%clk 0:50:34]} Ke7 {[%clk 0:42:39]} 28. Be4 {[%clk 0:50:28]} Ra6
{[%clk 0:42:53]} 29. Bxd5 {[%clk 0:48:27]} exd5 {[%clk 0:43:01]} 30. Ra4
{[%clk 0:48:16]} b5 {[%clk 0:42:49]} 31. Raa1 {[%clk 0:44:56]} Rc8
{[%clk 0:33:28]} 32. Rhc1 {[%clk 0:44:10]} h5 {[%clk 0:33:43]} 33. Ke3
{[%clk 0:43:50]} Rf8 {[%clk 0:32:52]} 34. Rg1 {[%clk 0:43:10]} Rh8
{[%clk 0:27:08]} 35. g4 {[%clk 0:42:32]} Kf7 {[%clk 0:27:21]} 36. f4
{[%clk 0:41:48]} Nf8 {[%clk 0:20:19]} 37. f5 {[%clk 0:40:03]} hxg4
{[%clk 0:20:06]} 38. Rxg4 {[%clk 0:40:16]} Rh5 {[%clk 0:18:53]} 39. Rag1
{[%clk 0:38:22]} Rxf5 {[%clk 0:17:28]} 40. Rxg7+ {[%clk 0:38:39]} Ke8
{[%clk 0:17:57]} 41. Rb7 {[%clk 0:37:10]} Ne6 {[%clk 0:15:40]} 42. Rg8+
{[%clk 0:36:41]} Rf8 {[%clk 0:16:06]} 43. Rxf8+ {[%clk 0:35:57]} Kxf8
{[%clk 0:16:16]} 44. Rb6 {[%clk 0:32:54]} 1-0

[Event "Wroclaw Open"]
[Site "?"]
[Date "2017.08.16"]
[Round "5.2"]
[White "Swicarz, Maciej"]
[Black "Sieciechowicz, Marcin"]
[Result "1/2-1/2"]
[BlackElo "2408"]
[WhiteElo "2369"]
[LiveChessVersion "1.4.6"]

1. c4 Nf6 {[%clk 1:29:33]} 2. Nc3 {[%clk 1:31:02]} d5 3. cxd5 {[%clk 1:31:18]}
Nxd5 {[%clk 1:30:16]} 4. Nf3 {[%clk 1:31:43]} Nxc3 {[%clk 1:20:18]} 5. bxc3
{[%clk 1:30:26]} g6 {[%clk 1:19:53]} 6. e3 {[%clk 1:30:06]} Bg7 {[%clk 1:19:07]}
7. Bc4 {[%clk 1:28:40]} O-O {[%clk 1:01:14]} 8. Ba3 {[%clk 1:23:59]} Nc6
{[%clk 1:00:13]} 9. d4 Na5 {[%clk 1:00:11]} 10. Bd3 {[%clk 1:23:31]} b6
{[%clk 0:57:57]} 11. Rc1 {[%clk 1:19:51]} Bb7 {[%clk 0:54:16]} 12. O-O
{[%clk 1:19:25]} c5 {[%clk 0:53:05]} 13. Qe2 {[%clk 1:16:01]} Qc7
{[%clk 0:51:46]} 14. Rfd1 {[%clk 1:07:29]} Rfd8 {[%clk 0:49:47]} 15. Bb1
{[%clk 1:02:46]} Rac8 {[%clk 0:45:25]} 16. Bd3 {[%clk 0:59:27]} e6
{[%clk 0:42:27]} 17. Bb2 {[%clk 0:53:45]} Qc6 18. Bb5 {[%clk 0:53:49]} Qd5
{[%clk 0:39:16]} 19. Ba3 {[%clk 0:47:38]} cxd4 {[%clk 0:12:27]} 20. Be7 Re8
{[%clk 0:12:52]} 21. Bxe8 {[%clk 0:46:36]} Rxe8 {[%clk 0:10:36]} 22. Bb4
{[%clk 0:44:58]} Nc6 23. exd4 {[%clk 0:45:26]} Nxb4 {[%clk 0:10:13]} 24. cxb4
{[%clk 0:42:57]} Rd8 {[%clk 0:07:01]} 25. a3 {[%clk 0:35:27]} Rd7
{[%clk 0:05:16]} 26. Rc2 {[%clk 0:33:42]} Bf6 {[%clk 0:04:54]} 27. Rcd2 Rc7
{[%clk 0:05:02]} 28. Qe3 {[%clk 0:33:24]} Kg7 {[%clk 0:04:16]} 29. Ne1
{[%clk 0:23:08]} Rc4 30. Rd3 {[%clk 0:22:07]} Rc7 {[%clk 0:03:04]} 31. Qg3
{[%clk 0:18:57]} Rc8 {[%clk 0:02:32]} 32. R3d2 {[%clk 0:18:20]} h5
{[%clk 0:02:33]} 33. Rd3 a5 {[%clk 0:02:57]} 34. bxa5 {[%clk 0:16:00]} bxa5
{[%clk 0:02:47]} 35. Qf3 {[%clk 0:16:27]} Qd7 {[%clk 0:02:02]} 36. Qf4
{[%clk 0:14:13]} Rc4 {[%clk 0:01:25]} 37. Nf3 {[%clk 0:14:13]} Bxf3
{[%clk 0:01:25]} 38. gxf3 {[%clk 0:14:13]} Qa4 {[%clk 0:01:25]} 39. Qe3
{[%clk 0:14:13]} Rc2 {[%clk 0:01:25]} 40. d5 {[%clk 0:14:13]} exd5
{[%clk 0:01:25]} 41. Rxd5 {[%clk 0:14:13]} Rc3 {[%clk 0:00:53]} 42. Qe2
{[%clk 0:10:25]} Qxa3 43. Kg2 {[%clk 0:09:42]} Rc5 {[%clk 0:00:37]} 44. Rd7
{[%clk 0:08:45]} Rg5+ {[%clk 0:00:44]} 45. Kf1 {[%clk 0:08:38]} Re5
{[%clk 0:00:45]} 46. Qc4 {[%clk 0:08:55]} Re7 {[%clk 0:00:40]} 47. Kg2 Qb4
{[%clk 0:00:37]} 48. Qc7 {[%clk 0:08:12]} a4 49. R1d6 {[%clk 0:07:40]} Rxd7
{[%clk 0:00:43]} 50. Rxd7 Qb3 {[%clk 0:00:42]} 51. Qa5 {[%clk 0:05:29]} a3
{[%clk 0:00:36]} 52. Ra7 {[%clk 0:05:18]} Bb2 53. Ra8 {[%clk 0:05:14]} Qd3
{[%clk 0:00:35]} 54. Qb4 Qd5 {[%clk 0:01:05]} 55. Qf8+ {[%clk 0:02:41]} Kh7
{[%clk 0:01:32]} 56. Qg8+ {[%clk 0:02:24]} 1/2-1/2

[Event "Wroclaw Open"]
[Site "?"]
[Date "2017.08.16"]
[Round "5.3"]
[White "Vypkhaniuk, Ihor"]
[Black "Kucza, Karol"]
[Result "1-0"]
[BlackElo "2320"]
[WhiteElo "2333"]
[LiveChessVersion "1.4.6"]

1. Nf3 {[%clk 1:30:57]} Nf6 {[%clk 1:30:49]} 2. c4 {[%clk 1:31:20]} e6
{[%clk 1:31:11]} 3. g3 {[%clk 1:31:39]} d5 {[%clk 1:31:35]} 4. Bg2
{[%clk 1:31:04]} Be7 {[%clk 1:31:34]} 5. d4 {[%clk 1:29:43]} O-O {[%clk 1:31:55]}
6. Qc2 {[%clk 1:27:05]} c5 {[%clk 1:32:14]} 7. dxc5 {[%clk 1:26:47]} Bxc5
{[%clk 1:30:15]} 8. O-O {[%clk 1:25:30]} dxc4 {[%clk 1:23:31]} 9. Qxc4
{[%clk 1:07:17]} Qe7 {[%clk 1:11:53]} 10. Nc3 {[%clk 1:05:18]} b6
{[%clk 1:08:33]} 11. Bg5 {[%clk 0:49:26]} Bb7 {[%clk 1:02:27]} 12. Bxf6
{[%clk 0:43:38]} gxf6 {[%clk 1:00:35]} 13. Rfd1 {[%clk 0:38:28]} Nc6
{[%clk 0:55:37]} 14. Qh4 {[%clk 0:33:24]} Rad8 {[%clk 0:37:31]} 15. Ne4
{[%clk 0:28:52]} Kg7 {[%clk 0:37:54]} 16. Qg4+ {[%clk 0:27:06]} Kh8
{[%clk 0:38:20]} 17. Qh4 {[%clk 0:27:32]} Kg7 {[%clk 0:38:16]} 18. Qg4+
{[%clk 0:18:42]} Kh8 {[%clk 0:38:32]} 19. Qh5 {[%clk 0:18:15]} Nd4
{[%clk 0:33:06]} 20. Nxc5 {[%clk 0:17:15]} Bxf3 {[%clk 0:31:37]} 21. Bxf3
{[%clk 0:16:26]} Qxc5 {[%clk 0:29:43]} 22. Qxc5 {[%clk 0:15:51]} bxc5
{[%clk 0:30:07]} 23. Kg2 {[%clk 0:15:34]} Kg7 {[%clk 0:29:16]} 24. Rac1
{[%clk 0:13:53]} Nxf3 {[%clk 0:26:42]} 25. Kxf3 {[%clk 0:14:01]} Rxd1
{[%clk 0:26:44]} 26. Rxd1 {[%clk 0:14:29]} Rb8 {[%clk 0:26:39]} 27. Rd2
{[%clk 0:12:47]} f5 {[%clk 0:25:46]} 28. Rc2 {[%clk 0:11:01]} Kf6
{[%clk 0:25:50]} 29. Rxc5 {[%clk 0:10:12]} Rxb2 {[%clk 0:26:12]} 30. Ra5
{[%clk 0:10:41]} Rb7 {[%clk 0:26:33]} 31. g4 {[%clk 0:09:14]} fxg4+
{[%clk 0:26:37]} 32. Kxg4 {[%clk 0:09:43]} Rb2 {[%clk 0:26:39]} 33. Kf3
{[%clk 0:10:05]} Rb7 {[%clk 0:27:02]} 34. Kg4 {[%clk 0:10:34]} Rb2
{[%clk 0:27:20]} 35. Kf3 {[%clk 0:11:03]} Rb7 {[%clk 0:27:40]} 36. e3
{[%clk 0:11:29]} Rc7 {[%clk 0:27:27]} 37. h3 {[%clk 0:11:51]} Rb7
{[%clk 0:27:51]} 38. Kf4 {[%clk 0:11:41]} Rb4+ {[%clk 0:27:01]} 39. Kg3
{[%clk 0:12:08]} Rb7 {[%clk 0:27:24]} 40. Kf3 {[%clk 0:12:36]} Rc7
{[%clk 0:27:31]} 41. Kf4 {[%clk 0:13:05]} Rc2 {[%clk 0:26:39]} 42. f3
{[%clk 0:13:26]} Rc4+ {[%clk 0:26:48]} 43. Kg3 {[%clk 0:13:49]} Rc7
{[%clk 0:26:48]} 44. Kf4 {[%clk 0:14:05]} Rc4+ {[%clk 0:27:02]} 45. e4
{[%clk 0:14:34]} Rc7 {[%clk 0:27:25]} 46. Ra6 {[%clk 0:14:57]} Rb7
{[%clk 0:25:33]} 47. Ra5 {[%clk 0:15:23]} Rc7 {[%clk 0:25:58]} 48. Kg4
{[%clk 0:15:43]} Rd7 {[%clk 0:25:04]} 49. h4 {[%clk 0:15:42]} Rc7
{[%clk 0:25:18]} 50. a3 {[%clk 0:15:03]} Rb7 {[%clk 0:25:31]} 51. f4
{[%clk 0:13:54]} h6 {[%clk 0:25:13]} 52. f5 {[%clk 0:11:03]} exf5+
{[%clk 0:24:53]} 53. Rxf5+ {[%clk 0:10:18]} Kg7 {[%clk 0:25:07]} 54. Ra5
{[%clk 0:10:32]} Re7 {[%clk 0:25:18]} 55. Kf5 {[%clk 0:09:22]} Rb7
{[%clk 0:25:14]} 56. a4 {[%clk 0:08:07]} Re7 {[%clk 0:24:22]} 57. Ra6
{[%clk 0:08:23]} Rc7 {[%clk 0:24:31]} 58. Ra5 {[%clk 0:08:52]} Re7
{[%clk 0:24:52]} 59. Ra6 {[%clk 0:08:55]} Rc7 {[%clk 0:24:32]} 60. e5
{[%clk 0:09:18]} Rb7 {[%clk 0:23:50]} 61. h5 {[%clk 0:09:15]} Rc7
{[%clk 0:23:44]} 62. Ra5 {[%clk 0:08:32]} Re7 {[%clk 0:22:44]} 63. Rd5
{[%clk 0:08:06]} Rb7 {[%clk 0:22:51]} 64. a5 {[%clk 0:07:26]} Rc7
{[%clk 0:22:19]} 65. a6 {[%clk 0:06:25]} Re7 {[%clk 0:13:27]} 66. Rd1
{[%clk 0:05:29]} Rc7 {[%clk 0:13:31]} 67. Rd6 {[%clk 0:05:41]} Rc4
{[%clk 0:10:00]} 68. Rd7 {[%clk 0:05:51]} Rh4 {[%clk 0:10:27]} 69. e6
{[%clk 0:02:26]} Rxh5+ {[%clk 0:10:51]} 70. Kf4 {[%clk 0:02:28]} Ra5
{[%clk 0:10:25]} 71. e7 {[%clk 0:01:57]} Ra4+ {[%clk 0:10:29]} 72. Kf3
{[%clk 0:02:09]} Ra3+ {[%clk 0:10:52]} 73. Kf4 {[%clk 0:02:31]} Ra4+
{[%clk 0:11:20]} 74. Kf3 {[%clk 0:02:58]} Ra3+ {[%clk 0:11:48]} 75. Kf2
{[%clk 0:03:25]} Ra2+ {[%clk 0:12:08]} 76. Kf1 {[%clk 0:02:33]} Ra1+
{[%clk 0:12:35]} 77. Ke2 {[%clk 0:01:09]} Ra2+ {[%clk 0:13:02]} 78. Rd2
{[%clk 0:00:49]} 1-0

[Event "Wroclaw Open"]
[Site "?"]
[Date "2017.08.16"]
[Round "5.4"]
[White "Sivakumar, Ashvin"]
[Black "Piotrowski, Przemyslaw"]
[Result "1/2-1/2"]
[BlackElo "2335"]
[WhiteElo "2221"]
[LiveChessVersion "1.4.6"]

1. d4 {[%clk 1:30:54]} g6 {[%clk 1:30:09]} 2. Nf3 {[%clk 1:31:01]} Bg7
{[%clk 1:30:33]} 3. c4 {[%clk 1:31:21]} d6 {[%clk 1:29:21]} 4. e4
{[%clk 1:30:21]} Nf6 {[%clk 1:29:45]} 5. Nc3 {[%clk 1:30:46]} O-O
{[%clk 1:30:10]} 6. Be2 {[%clk 1:31:09]} e5 {[%clk 1:30:36]} 7. O-O
{[%clk 1:31:31]} exd4 {[%clk 1:30:51]} 8. Nxd4 {[%clk 1:31:54]} Nc6
{[%clk 1:31:17]} 9. Be3 {[%clk 1:32:05]} Re8 {[%clk 1:31:41]} 10. f3
{[%clk 1:32:26]} Nh5 {[%clk 1:31:46]} 11. Qd2 {[%clk 1:32:37]} Nf4
{[%clk 1:32:09]} 12. Rfd1 {[%clk 1:33:01]} Nxd4 {[%clk 1:15:35]} 13. Bxd4
{[%clk 1:32:25]} Bxd4+ {[%clk 1:15:28]} 14. Qxd4 {[%clk 1:32:39]} Bd7
{[%clk 1:14:43]} 15. Rac1 {[%clk 1:25:10]} a5 {[%clk 1:08:13]} 16. Bf1
{[%clk 1:13:43]} Ne6 {[%clk 1:03:23]} 17. Qd2 {[%clk 1:12:35]} Bc6
{[%clk 1:01:23]} 18. b3 {[%clk 1:11:36]} Qf6 {[%clk 0:47:22]} 19. a3
{[%clk 1:07:25]} Qe5 {[%clk 0:46:00]} 20. b4 {[%clk 1:02:55]} axb4
{[%clk 0:46:15]} 21. axb4 {[%clk 1:03:18]} Ba4 {[%clk 0:44:57]} 22. Re1
{[%clk 1:02:21]} Nd4 {[%clk 0:41:41]} 23. f4 {[%clk 0:50:47]} Qg7
{[%clk 0:40:46]} 24. Qd3 {[%clk 0:50:23]} c6 {[%clk 0:34:22]} 25. e5
{[%clk 0:37:14]} dxe5 {[%clk 0:34:02]} 26. fxe5 {[%clk 0:37:30]} Nc2
{[%clk 0:30:50]} 27. Rxc2 {[%clk 0:35:30]} Bxc2 {[%clk 0:31:15]} 28. Qxc2
{[%clk 0:35:52]} Rxe5 {[%clk 0:31:40]} 29. Rd1 {[%clk 0:34:24]} Rae8
{[%clk 0:31:01]} 30. b5 {[%clk 0:29:34]} Re3 {[%clk 0:28:34]} 31. Ne2
{[%clk 0:29:11]} Qe5 {[%clk 0:28:07]} 32. bxc6 {[%clk 0:28:03]} bxc6
{[%clk 0:28:17]} 33. Nd4 {[%clk 0:28:07]} Qc5 {[%clk 0:19:25]} 34. Qf2
{[%clk 0:27:47]} R3e4 {[%clk 0:11:51]} 1/2-1/2

[Event "Wroclaw Open"]
[Site "?"]
[Date "2017.08.16"]
[Round "5.5"]
[White "Grabarczyk, Miroslaw"]
[Black "Dziodzio, Angelika"]
[Result "1-0"]
[BlackElo "2126"]
[WhiteElo "2441"]
[LiveChessVersion "1.4.6"]

1. d4 {[%clk 1:30:56]} Nf6 {[%clk 1:30:55]} 2. c4 {[%clk 1:31:17]} d6
{[%clk 1:31:19]} 3. Nf3 {[%clk 1:31:28]} Nbd7 {[%clk 1:31:31]} 4. Nc3
{[%clk 1:31:16]} e5 {[%clk 1:31:29]} 5. e4 {[%clk 1:31:16]} Be7 {[%clk 1:31:10]}
6. Be2 {[%clk 1:30:21]} O-O {[%clk 1:31:10]} 7. O-O {[%clk 1:29:57]} Re8
{[%clk 1:30:19]} 8. Qc2 {[%clk 1:25:21]} Bf8 {[%clk 1:28:15]} 9. Rd1
{[%clk 1:17:57]} c6 {[%clk 1:26:21]} 10. h3 {[%clk 1:11:05]} Qc7 {[%clk 1:22:29]}
11. Be3 {[%clk 1:09:45]} a6 {[%clk 1:21:05]} 12. Rac1 {[%clk 1:07:00]} b6
{[%clk 1:07:05]} 13. a3 {[%clk 1:05:44]} Bb7 {[%clk 1:06:56]} 14. d5
{[%clk 1:01:53]} c5 {[%clk 1:02:47]} 15. b4 {[%clk 1:02:07]} Rab8
{[%clk 0:59:28]} 16. Rb1 {[%clk 0:59:59]} Bc8 {[%clk 0:55:15]} 17. Rb2
{[%clk 0:58:47]} Be7 {[%clk 0:48:35]} 18. Rdb1 {[%clk 0:58:44]} Bd8
{[%clk 0:47:46]} 19. Nd2 {[%clk 0:54:20]} h6 {[%clk 0:45:36]} 20. Qc1
{[%clk 0:45:13]} Rb7 {[%clk 0:39:28]} 21. Bd1 {[%clk 0:44:09]} Rf8
{[%clk 0:35:33]} 22. Ba4 {[%clk 0:43:37]} Nb8 {[%clk 0:34:47]} 23. bxc5
{[%clk 0:35:52]} dxc5 {[%clk 0:34:26]} 24. Qd1 {[%clk 0:36:00]} Nh7
{[%clk 0:31:36]} 25. Nf3 {[%clk 0:32:38]} Qd6 {[%clk 0:29:57]} 26. Bc2
{[%clk 0:32:30]} Bd7 {[%clk 0:22:06]} 27. Qd2 {[%clk 0:29:38]} Be8
{[%clk 0:15:11]} 28. Ne2 {[%clk 0:27:28]} Bd7 {[%clk 0:11:11]} 29. Ng3
{[%clk 0:26:16]} Re8 {[%clk 0:10:43]} 30. Qc1 {[%clk 0:22:15]} Nf8
{[%clk 0:09:14]} 31. Ne1 {[%clk 0:20:06]} Ng6 {[%clk 0:08:12]} 32. Nd3
{[%clk 0:20:18]} Ra7 {[%clk 0:05:55]} 33. Nf5 {[%clk 0:10:15]} Bxf5
{[%clk 0:05:07]} 34. exf5 {[%clk 0:10:40]} Nh4 {[%clk 0:05:11]} 35. Nxc5
{[%clk 0:10:53]} bxc5 {[%clk 0:05:30]} 36. Rxb8 {[%clk 0:11:15]} Rae7
{[%clk 0:04:56]} 37. Qd1 {[%clk 0:08:54]} e4 {[%clk 0:03:25]} 38. Qg4
{[%clk 0:09:08]} Qf6 {[%clk 0:03:45]} 39. Bxc5 {[%clk 0:06:06]} Rc7
{[%clk 0:03:18]} 40. Bb6 {[%clk 0:04:19]} Rxc4 {[%clk 0:02:41]} 41. Bb3
{[%clk 0:04:06]} Rc3 {[%clk 0:01:50]} 42. Rxd8 {[%clk 0:03:49]} Rxd8
{[%clk 0:02:16]} 43. Bxd8 {[%clk 0:04:14]} Qxd8 {[%clk 0:02:29]} 44. d6
{[%clk 0:03:22]} Qxd6 {[%clk 0:00:58]} 45. Bxf7+ {[%clk 0:02:43]} Kxf7
{[%clk 0:01:18]} 46. Qxh4 {[%clk 0:02:51]} e3 {[%clk 0:01:07]} 47. fxe3
{[%clk 0:02:26]} Rxe3 {[%clk 0:01:32]} 48. Qc4+ {[%clk 0:01:57]} Kf6
{[%clk 0:01:33]} 49. a4 {[%clk 0:02:14]} Re5 {[%clk 0:01:35]} 50. Qc3
{[%clk 0:01:08]} Kxf5 {[%clk 0:00:51]} 51. Rf1+ {[%clk 0:01:11]} Ke6
{[%clk 0:01:02]} 52. Qc8+ {[%clk 0:01:29]} Ke7 {[%clk 0:01:05]} 53. Qf8+
{[%clk 0:01:53]} 1-0

[Event "Wroclaw Open"]
[Site "?"]
[Date "2017.08.16"]
[Round "5.6"]
[White "Nowak, Kamil"]
[Black "Jachym, Adam"]
[Result "1-0"]
[BlackElo "2005"]
[WhiteElo "2318"]
[LiveChessVersion "1.4.6"]

1. e4 {[%clk 1:30:58]} e5 {[%clk 1:30:43]} 2. Nf3 {[%clk 1:31:21]} Nc6
{[%clk 1:31:07]} 3. Bc4 {[%clk 1:31:46]} Nf6 {[%clk 1:31:29]} 4. Ng5
{[%clk 1:32:06]} d5 {[%clk 1:31:42]} 5. exd5 {[%clk 1:32:29]} Na5
{[%clk 1:31:06]} 6. d3 {[%clk 1:32:34]} h6 {[%clk 1:25:09]} 7. Nf3
{[%clk 1:32:51]} e4 {[%clk 1:25:23]} 8. Qe2 {[%clk 1:33:05]} Nxc4
{[%clk 1:25:41]} 9. dxc4 {[%clk 1:33:23]} Bc5 {[%clk 1:23:54]} 10. Nfd2
{[%clk 1:33:30]} O-O {[%clk 1:23:54]} 11. Nb3 {[%clk 1:33:21]} Bg4
{[%clk 1:21:06]} 12. Qf1 {[%clk 1:33:19]} Bb6 {[%clk 1:09:37]} 13. h3
{[%clk 1:29:12]} Bh5 {[%clk 1:03:45]} 14. g4 {[%clk 1:28:08]} Bg6
{[%clk 1:03:41]} 15. c5 {[%clk 1:26:52]} Nxd5 {[%clk 0:59:28]} 16. cxb6
{[%clk 1:26:19]} e3 {[%clk 0:58:46]} 17. Bxe3 {[%clk 1:24:22]} Nb4
{[%clk 0:57:33]} 18. Na3 {[%clk 1:18:40]} axb6 {[%clk 0:46:58]} 19. Qc4
{[%clk 1:19:03]} c5 {[%clk 0:44:25]} 20. O-O {[%clk 1:19:18]} Re8
{[%clk 0:43:00]} 21. Rad1 {[%clk 1:18:22]} Qh4 {[%clk 0:43:09]} 22. Kh2
{[%clk 1:16:38]} Nc6 {[%clk 0:36:40]} 23. Qf4 {[%clk 1:10:22]} Re4
{[%clk 0:35:26]} 24. Qg3 {[%clk 1:09:41]} Qf6 {[%clk 0:35:40]} 25. c3
{[%clk 1:08:07]} h5 {[%clk 0:32:07]} 26. Nd2 {[%clk 1:03:08]} h4 {[%clk 0:29:21]}
27. Qf3 {[%clk 1:03:25]} Qe5+ {[%clk 0:29:26]} 28. Kg1 {[%clk 1:03:12]} Rea4
{[%clk 0:29:17]} 29. Ndc4 {[%clk 1:02:39]} Qc7 {[%clk 0:29:16]} 30. Bf4
{[%clk 1:02:05]} Qe7 {[%clk 0:28:24]} 31. Bd6 {[%clk 1:00:21]} Qg5
{[%clk 0:21:06]} 32. Nxb6 {[%clk 0:59:22]} f5 {[%clk 0:20:41]} 33. Nxa4
{[%clk 0:56:31]} Rxa4 {[%clk 0:20:53]} 34. c4 {[%clk 0:55:24]} Nd4
{[%clk 0:20:00]} 35. Rxd4 {[%clk 0:54:25]} cxd4 {[%clk 0:20:24]} 36. Qxb7
{[%clk 0:53:52]} d3 {[%clk 0:19:10]} 37. Qd5+ {[%clk 0:52:36]} Kh7
{[%clk 0:18:52]} 38. Rd1 {[%clk 0:51:13]} Ra6 {[%clk 0:16:59]} 39. c5
{[%clk 0:45:48]} Ra4 {[%clk 0:16:17]} 40. Nc4 {[%clk 0:46:13]} Bh5
{[%clk 0:12:38]} 41. f4 {[%clk 0:44:37]} Qf6 {[%clk 0:12:37]} 42. gxh5
{[%clk 0:44:19]} 1-0

[Event "Wroclaw Open"]
[Site "?"]
[Date "2017.08.16"]
[Round "5.7"]
[White "Dowgird, Filip"]
[Black "Kanarkiewicz, Michal"]
[Result "1-0"]
[BlackElo "2034"]
[WhiteElo "2271"]
[LiveChessVersion "1.4.6"]

1. e4 {[%clk 1:30:57]} c5 {[%clk 1:22:47]} 2. Nf3 {[%clk 1:31:21]} Nc6
{[%clk 1:21:46]} 3. Bb5 {[%clk 1:31:45]} Nd4 {[%clk 1:22:02]} 4. Nxd4
{[%clk 1:31:01]} cxd4 {[%clk 1:22:28]} 5. O-O {[%clk 1:30:23]} g6
{[%clk 1:16:17]} 6. c4 {[%clk 1:26:49]} dxc3 {[%clk 1:11:40]} 7. Nxc3
{[%clk 1:23:55]} Bg7 {[%clk 1:12:03]} 8. d4 {[%clk 1:22:55]} a6 {[%clk 1:10:46]}
9. Bc4 {[%clk 1:20:10]} d6 {[%clk 1:10:39]} 10. a4 {[%clk 1:15:55]} Nf6
{[%clk 1:10:41]} 11. Qb3 {[%clk 1:15:25]} O-O {[%clk 1:10:02]} 12. h3
{[%clk 1:11:43]} Rb8 {[%clk 1:05:45]} 13. e5 {[%clk 1:04:16]} Ne8
{[%clk 0:50:22]} 14. Re1 {[%clk 0:56:32]} Nc7 {[%clk 0:44:29]} 15. Bf4
{[%clk 0:49:12]} Ne6 {[%clk 0:29:06]} 16. Bxe6 {[%clk 0:41:58]} Bxe6
{[%clk 0:25:26]} 17. d5 {[%clk 0:42:13]} dxe5 {[%clk 0:23:15]} 18. Bxe5
{[%clk 0:38:48]} Bxe5 {[%clk 0:23:37]} 19. Rxe5 {[%clk 0:38:38]} Bd7
{[%clk 0:23:55]} 20. Qb4 {[%clk 0:37:30]} Re8 {[%clk 0:18:48]} 21. Rae1
{[%clk 0:36:38]} e6 {[%clk 0:18:37]} 22. Qd6 {[%clk 0:33:53]} exd5
{[%clk 0:14:41]} 23. Nxd5 {[%clk 0:32:35]} Be6 {[%clk 0:13:13]} 24. Qb4
{[%clk 0:30:32]} b5 {[%clk 0:07:40]} 25. Qf4 {[%clk 0:26:27]} Rf8
{[%clk 0:06:58]} 26. Nf6+ {[%clk 0:21:31]} Kg7 {[%clk 0:07:25]} 27. Ne4
{[%clk 0:20:50]} bxa4 {[%clk 0:06:02]} 28. Nc5 {[%clk 0:19:08]} Qf6
{[%clk 0:06:01]} 29. Qxf6+ {[%clk 0:14:56]} Kxf6 {[%clk 0:06:29]} 30. Nxe6
{[%clk 0:15:16]} fxe6 {[%clk 0:05:57]} 31. Rxe6+ {[%clk 0:15:42]} Kg7
{[%clk 0:05:31]} 32. R1e2 {[%clk 0:14:48]} Rf6 {[%clk 0:05:43]} 33. R6e4
{[%clk 0:14:41]} Rfb6 {[%clk 0:04:55]} 34. Rxa4 {[%clk 0:14:58]} R8b7
{[%clk 0:03:42]} 35. Ree4 {[%clk 0:12:52]} Rxb2 {[%clk 0:03:49]} 36. Rxa6
{[%clk 0:12:49]} Rf7 {[%clk 0:04:08]} 37. f3 {[%clk 0:12:46]} Rc7
{[%clk 0:04:17]} 38. Kh2 {[%clk 0:11:47]} Rd7 {[%clk 0:04:04]} 39. h4
{[%clk 0:11:46]} Kh6 {[%clk 0:03:42]} 40. Rg4 {[%clk 0:10:09]} Rc7
{[%clk 0:03:24]} 41. Kg3 {[%clk 0:08:49]} Rcc2 {[%clk 0:03:36]} 42. Kh3
{[%clk 0:09:14]} Rc5 {[%clk 0:01:23]} 43. Ra7 {[%clk 0:09:17]} Rbc2
{[%clk 0:01:06]} 44. Rd4 {[%clk 0:08:32]} Rc7 {[%clk 0:01:34]} 45. Rd7
{[%clk 0:08:55]} Rxa7 {[%clk 0:01:08]} 46. Rxa7 {[%clk 0:09:21]} Rc3
{[%clk 0:01:24]} 47. Rf7 {[%clk 0:09:24]} Rc5 {[%clk 0:00:48]} 48. g4
{[%clk 0:07:37]} g5 {[%clk 0:01:16]} 49. hxg5+ {[%clk 0:05:16]} Rxg5
{[%clk 0:01:38]} 50. f4 {[%clk 0:05:03]} Ra5 {[%clk 0:01:57]} 51. g5+
{[%clk 0:03:47]} Kg6 {[%clk 0:02:23]} 52. Rf6+ {[%clk 0:04:07]} Kg7
{[%clk 0:02:42]} 53. Kg4 {[%clk 0:04:11]} Ra4 {[%clk 0:02:09]} 54. Kh5
{[%clk 0:03:30]} Rb4 {[%clk 0:01:56]} 55. Kg4 {[%clk 0:03:47]} Rb5
{[%clk 0:02:06]} 56. Re6 {[%clk 0:03:13]} Rb4 {[%clk 0:02:13]} 57. Kf5
{[%clk 0:02:47]} Kf7 {[%clk 0:02:17]} 58. Re4 {[%clk 0:02:21]} Rb5+
{[%clk 0:02:25]} 59. Re5 {[%clk 0:02:43]} Rb4 {[%clk 0:02:38]} 60. Rd5
{[%clk 0:03:01]} Rb7 {[%clk 0:02:42]} 61. Ra5 {[%clk 0:02:24]} Rc7
{[%clk 0:03:04]} 62. Ra4 {[%clk 0:01:33]} Rc5+ {[%clk 0:02:20]} 63. Kg4
{[%clk 0:01:59]} Rc7 {[%clk 0:00:42]} 64. f5 {[%clk 0:02:18]} Kg7
{[%clk 0:00:50]} 65. Kh5 {[%clk 0:02:08]} Rc1 {[%clk 0:00:53]} 66. Ra7+
{[%clk 0:01:26]} Kg8 {[%clk 0:01:06]} 67. Ra8+ {[%clk 0:01:32]} Kf7
{[%clk 0:01:10]} 68. Ra7+ {[%clk 0:00:58]} Kg8 {[%clk 0:01:38]} 69. f6
{[%clk 0:01:14]} Rh1+ {[%clk 0:00:40]} 70. Kg4 {[%clk 0:01:39]} Rg1+
{[%clk 0:00:38]} 71. Kf5 {[%clk 0:02:04]} Rf1+ {[%clk 0:00:47]} 72. Ke6
{[%clk 0:02:27]} Re1+ {[%clk 0:01:06]} 73. Kd7 {[%clk 0:02:21]} Re5
{[%clk 0:01:02]} 74. Kd8 {[%clk 0:02:03]} Rxg5 {[%clk 0:00:40]} 75. Ke8
{[%clk 0:02:24]} Kh8 {[%clk 0:00:35]} 76. f7 {[%clk 0:02:39]} Re5+
{[%clk 0:00:41]} 77. Re7 {[%clk 0:03:05]} 1-0